[Zákony 2001] úplné znenie

Salvato in:
Dettagli Bibliografici
Natura: Libro
Lingua:slovacco
Pubblicazione: Žilina PORADCA [2001]
Soggetti:
Tags: Aggiungi Tag
Nessun Tag, puoi essere il primo ad aggiungerne!!

MARC

LEADER 00000nam a2200000 4500
001 c129342
005 20221124104218.0
022 |a 1335-6127 
041 0 |a slo 
044 |a SK 
245 1 0 |a [Zákony 2001]  |b úplné znenie 
264 1 |a Žilina  |b PORADCA  |c [2001] 
300 |a 24 s. 
610 2 0 |a legislatíva 
610 2 0 |a predpisy právne 
610 2 0 |a mzdy 
610 2 0 |a mzdy minimálne 
610 2 0 |a tarify mzdové 
610 2 0 |a poistenie povinné zmluvné 
610 2 0 |a automobily osobné 
610 2 0 |a škody 
610 2 0 |a vyhlášky 
610 2 0 |a ČSFR 
610 2 0 |a Slovensko 
610 2 0 |a 2001